French Pets - Statistics

General Stats
  • This quiz has been taken 29 times
  • The average score is 9 of 10
Answer Stats
French English % Correct
Chat Cat
100%
Serpent Snake
100%
Chien Dog
96%
Tortue Turtle
96%
Lézard Lizard
93%
Poisson Fish
85%
Perroquet Parrot
85%
Oiseau Bird
81%
Lapin Rabbit
78%
Cochon d'Inde Guinea Pig
74%
No matching quizzes found
Score Distribution
Percent of People with Each Score
Percentile by Number Answered
Your Score History
You have not taken this quiz